00788nam a2200181 i 450000100060000000300090000600500170001500700030003200800410003510000320007624503070010826000680041530000200048365000230050365100280052670000290055485200230058327899ES-MaACL20260202063013.0t|030115m18361837sp ||||1| spa d1 aBalbi, Adriano, d1782-184810aCompendio de Geografía Universal b: redactado bajo un nuevo plan con presencia de los últimos tratados de paz y los descubrimientos mas recientes / cpor Adrian Balbi ; tradúcelo del francés con varias notas y considerablemente aumentada y corregida en la parte de España Sebastian Fabregas. aMadrid : b[s.n.], c1836-1837 (fEmilio Fernández de Angulo) a3 v. ; c21 cm.07aGeografía2embne 4aEspaña-xGeografía.1 aFábregas, Sebastián. aES-MaACLjC-617-19